| 000 | 01148cam a22003375a 4500 | ||
|---|---|---|---|
| 001 | 18486380 | ||
| 003 | EG-ScBUE | ||
| 005 | 20220818094144.0 | ||
| 008 | 150209t2015 caua f d 001 0 eng d | ||
| 020 | _a9780321968142 | ||
| 020 | _a032196814X | ||
| 040 |
_aBTCTA _beng _erda _cBTCTA _dBDX _dWIM _dUAB _dYDXCP _dDLC _dEG-ScBUE |
||
| 082 | 0 | 4 |
_a701.85 _bKRA _222 |
| 100 | 1 |
_aKrause, Jim, _d1962- _eauthor. _938271 |
|
| 245 | 1 | 0 |
_aColor for designers : _bninety-five things you need to know when choosing and using colors for layouts and illustrations / _cJim Krause. |
| 264 | 1 |
_a[San Francisco] : _bNew Riders / Peachpit / Pearson Education, _c[2015] |
|
| 264 | 4 | _cc2015 | |
| 300 |
_a240 pages : _billustrations ; _c22 cm. |
||
| 336 |
_2rdacontent _atext _btxt |
||
| 337 |
_2rdamedia _aunmediated _bn |
||
| 338 |
_2rdacarrier _avolume _bnc |
||
| 490 | 0 |
_aCreative core ; _vbook 02 |
|
| 500 | _aIncludes index. | ||
| 500 | _aIncludes glossary. | ||
| 650 | 7 |
_aColor in art. _2BUEsh _937973 |
|
| 650 | 7 |
_aDesign _xColor. _2BUEsh |
|
| 651 | _2BUEsh | ||
| 653 |
_bCOMAME _cAugust2015 |
||
| 655 |
_vReading book _934232 |
||
| 942 |
_2ddc _k701.85 KRA _cBB |
||
| 999 |
_c20419 _d20391 |
||